Statistiques concernant Les Aventures de Tintin - Tintin au pays des Soviets

Cliquez ici pour prendre le quiz!

Statistiques générales

  • Ce quiz a été pris 192 fois
  • Le résultat moyen est 11 sur 18

Statistiques - réponses

QuestionRéponse% Correct
Dans quel pays Tintin est-il envoyé pour investiguer ?En Union Soviétique
96%
Quel régime politique est vivement caricaturé tout au long de l'album ?Le communisme
94%
Que volent les dirigeants soviétiques aux paysans ?Leur blé
77%
Quel animal attaque Tintin (et se fait vaincre à mains nues) ?Un ours
74%
Trouvez la bonne affirmation : les usines que les soviétiques montrent aux communistes anglais......sont des décors de théâtre avec de faux bruits
73%
Dès la première page, un soviétique tente d'assassiner Tintin. Comment s'y prend-il ?Il fait exploser son train
68%
Avec quel objet humoristique un agent tente-t-il ensuite d'assassiner Tintin ?Une peau de banane
68%
Pour quel journal travaille-t-il ?Le Petit Vingtième
66%
Trouvez la bonne affirmation : au début de son voyage, Tintin...n'a pas de houppette
64%
Comment s'appelle la police d'état qui traque Tintin durant tout son voyage ?Le Guépéou
55%
À son retour, Tintin atterrit à Berlin. Que se passe-t-il à son atterrissage ?Il est pris pour le gagnant d'une course aérienne et est ovationné
52%
Quel célèbre bâtiment apparaît sur la couverture originale de l'album ?La Cathédrale Saint-Basile-le-Bienheureux
51%
En quel animal se déguise Milou pour sauver Tintin de ses ravisseurs ?En tigre
49%
Avec cette aventure, Hergé introduit un nouvel élément graphique dans son œuvre. Lequel ?Les bulles
49%
Que sculpte Tintin dans un tronc d'arbre à l'aide de son canif ?Des hélices
48%
En quelle année est parue cette aventure sous forme d'album ?1930
41%
Où se trouve la cachette des trésors volés au peuple par les dirigeants soviétiques ?Sous une cabane hantée
39%
Lequel de ces personnages historiques N'EST PAS mentionné dans cette aventure ?Raspoutine
36%

Distribution des résultats

Percentile par nombre de réponses

% des personnes avec chaque résultat

Votre développement - résultats

Vous n’avez pas pris ce quiz